[Event "Buenos Aires"]
[Site "Buenos Aires"]
[Date "1988.??.??"]
[Round "?"]
[White "Granda Zuniga, Julio E"]
[Black "Cuasnicu, Oscar"]
[Result "1/2-1/2"]
[WhiteElo "2540"]
[BlackElo "2370"]

1.d4 d5 2.c4 e6 3.Nc3 c5 4.cxd5 exd5 5.dxc5 d4 6.Ne4 Qd5 7.Nd6+ Bxd6 8.cxd6 Nc6
9.Bf4 g5 10.Bd2 Nf6 11.Qb3 Qxd6 12.Qg3 Qxg3 13.hxg3 Ne4 14.Nf3 f6 15.e3 Nxd2  1/2-1/2

[Event "Buenos Aires"]
[Site "Buenos Aires"]
[Date "1988.??.??"]
[Round "?"]
[White "Granda Zuniga, Julio E"]
[Black "Cifuentes Parada, Roberto"]
[Result "1-0"]
[WhiteElo "2540"]
[BlackElo "2530"]

1.d4 d5 2.c4 e6 3.Nf3 Nf6 4.Nc3 Be7 5.Bg5 O-O 6.e3 Nbd7 7.Qc2 c5 8.O-O-O Qa5
9.Kb1 cxd4 10.exd4 Bb4 11.Bd2 dxc4 12.Bxc4 Nb6 13.Bb3 Nbd5 14.Ne5 Qb6 15.Qd3 a5
16.Ka1 Be7 17.Bg5 Rd8 18.Qf3 Nxc3 19.bxc3 Qc7 20.h4 b5 21.Rh3 Bb7 22.Qe2 Ne4
23.Nxf7 Kxf7 24.Qh5+ Kf8 25.Bxe6 Bxg5 26.hxg5 Ke7 27.Qf7+ Kd6 28.Qf4+ Kc6
29.Qxe4+ Kb6 30.Qe2 Bxg2 31.Re3 Rab8 32.f3 Qf4 33.Re5 Bxf3 34.Qxb5+ Kc7 35.Qc5+ Bc6
36.Qe7+ Kb6 37.Rb1+ Ka6 38.Rxa5+  1-0

[Event "Buenos Aires"]
[Site "Buenos Aires"]
[Date "1988.??.??"]
[Round "?"]
[White "Giardelli, Sergio C"]
[Black "Granda Zuniga, Julio E"]
[Result "1/2-1/2"]
[WhiteElo "2380"]
[BlackElo "2540"]

1.c4 Nf6 2.Nf3 e6 3.d4 b6 4.e3 Bb7 5.Bd3 Be7 6.Nbd2 d5 7.b3 O-O 8.O-O a5
9.Bb2 Na6 10.Rc1 c5 11.Qe2 a4 12.Bb1 axb3 13.axb3 Nb4 14.e4 dxe4 15.Nxe4 Nxe4
16.Bxe4 Bxe4 17.Qxe4 Ra2 18.Bc3 Bf6 19.Bxb4 cxb4 20.Ne5 Qd6 21.f4 Rb2 22.Rf3 Rd8
23.Rd3 Qe7 24.Nc6 Qb7 25.d5 Rc8 26.Nxb4 g6 27.Re1 b5 28.Nc6 bxc4 29.bxc4 Kg7
30.Kh1 Qb6 31.Rde3 Qc5 32.h3 Qd6 33.R3e2 Rb3 34.Re3 Rb2 35.R3e2 Rb3 36.Ne5 exd5
37.Qxd5 Qc7 38.Ng4 Rb6 39.Nxf6 Rxf6 40.Re4 Rd8 41.Qb5 Rd2 42.Qb4 Rc2 43.Qb3 Rf2
44.Qc3 Rxf4 45.Rxf4 Qxf4 46.c5 g5 47.c6 Qc7 48.Rc1 Kg6 49.Qd3+ Kh6 50.Qd7 Qf4
51.Rd1 Qa4 52.Rd6 Qa1+ 53.Rd1 Qa4 54.Rd6 Qa1+ 55.Rd1  1/2-1/2

[Event "Capablanca mem-A"]
[Site "Cienfuegos"]
[Date "1988.??.??"]
[Round "?"]
[White "Granda Zuniga, Julio E"]
[Black "Zapata, Alonso"]
[Result "1/2-1/2"]
[WhiteElo "2540"]
[BlackElo "2500"]

1.d4 Nf6 2.c4 g6 3.Nc3 Bg7 4.e4 d6 5.f3 e5 6.d5 Nh5 7.Be3 f5 8.Qd2 f4 9.Bf2 Bf6
10.Nge2 Bh4 11.g3 Bg5 12.g4 Bxg4 13.fxg4 f3 14.Qc2 fxe2 15.Nxe2 Nf4 16.h4 Nxe2
17.Kxe2 Bf4 18.g5 h6 19.gxh6 Nd7 20.Bh3 Rxh6 21.Rag1 a5 22.Qb3 Nf6 23.Qf3 c5
24.Be3 Qe7 25.Bxf4 exf4 26.Qxf4 Qxe4+ 27.Qxe4+ Nxe4 28.Rg4 Nf6 29.Rf4 Nh5
30.Rf3 Ke7 31.Kd2 Re8 32.Rb3 Nf4 33.Rxb7+ Kf6 34.Bf1 Reh8 35.Rd7 Rxh4 36.Rxd6+ Ke5
37.Rxh4 Rxh4 38.Ra6 Rh8 39.d6 Ne6 40.Ke1 g5 41.Rxa5 Nd8 42.Ra3 Rh2 43.Rb3 Nc6
44.Rd3 Nd4 45.Rd2 Rh1 46.Kf2  1/2-1/2

[Event "Capablanca mem-A"]
[Site "Cienfuegos"]
[Date "1988.??.??"]
[Round "?"]
[White "Granda Zuniga, Julio E"]
[Black "Dorfman, Josif D"]
[Result "1-0"]
[WhiteElo "2540"]
[BlackElo "2520"]

1.d4 Nf6 2.c4 g6 3.Nc3 d5 4.cxd5 Nxd5 5.e4 Nxc3 6.bxc3 Bg7 7.Bc4 c5 8.Ne2 Nc6
9.Be3 O-O 10.O-O Bg4 11.f3 Na5 12.Bd5 Bd7 13.Rb1 Qc7 14.Bf4 Qc8 15.a3 e6
16.Ba2 b6 17.Qd3 Ba4 18.d5 c4 19.Qd2 exd5 20.Rb4 b5 21.exd5 Rd8 22.d6 Qc5+
23.Kh1 Nc6 24.Ng3 Nxb4 25.axb4 Qc6 26.Bb1 f5 27.Re1 Re8 28.Nxf5 gxf5 29.Bxf5 Rad8
30.d7 Rxe1+ 31.Qxe1 Bc2 32.Bxc2 Qxd7 33.g4 Re8 34.Be4 Kh8 35.Kg2 a6 36.h4 Rd8
37.h5 Qd1 38.Qe3 Kg8 39.h6 Bf8 40.Bxh7+ Kf7 41.Bg6+ Kxg6 42.Qe6+ Kh7 43.Qf7+  1-0

[Event "Capablanca mem-A"]
[Site "Cienfuegos"]
[Date "1988.??.??"]
[Round "?"]
[White "Vogt, Lothar"]
[Black "Granda Zuniga, Julio E"]
[Result "1/2-1/2"]
[WhiteElo "2460"]
[BlackElo "2540"]

1.e4 e5 2.Nf3 Nc6 3.Bb5 a6 4.Ba4 Nf6 5.O-O Be7 6.Re1 b5 7.Bb3 d6 8.c3 O-O
9.h3 Bb7 10.d4 Re8 11.Nbd2 Bf8 12.a3 h6 13.Bc2 Nb8 14.b3 Nbd7 15.Bb2 g6 16.a4 Bg7
17.d5 c6 18.c4 Qb8 19.Ba3 Rc8 20.Bd3 bxa4 21.bxa4 cxd5 22.cxd5 Nc5 23.Bf1 a5
24.Bb5 Qa7 25.Rc1 Bf8  1/2-1/2

[Event "Forli op"]
[Site "Forli"]
[Date "1988.??.??"]
[Round "?"]
[White "Braga, Fernando"]
[Black "Granda Zuniga, Julio E"]
[Result "1/2-1/2"]
[WhiteElo "2425"]
[BlackElo "2540"]

1.e4 c6 2.d4 d5 3.Nc3 dxe4 4.Nxe4 Nd7 5.Nf3 Ngf6 6.Nxf6+ Nxf6 7.Ne5 Bf5 8.Be2 e6
9.O-O Bd6 10.Bf4 O-O 11.Bg3 Ne4 12.Nc4 Nxg3 13.hxg3 Bc7 14.Ne3 Bg6 15.Bd3  1/2-1/2

[Event "Forli op"]
[Site "Forli"]
[Date "1988.??.??"]
[Round "?"]
[White "Ljubisavljevic, Zivojin Z"]
[Black "Granda Zuniga, Julio E"]
[Result "0-1"]
[WhiteElo "2365"]
[BlackElo "2540"]

1.c4 Nf6 2.Nc3 e5 3.g3 Be7 4.Bg2 O-O 5.e3 Re8 6.Nge2 Bf8 7.O-O c6 8.d4 e4
9.d5 Na6 10.a3 d6 11.b4 c5 12.b5 Nb8 13.h3 h5 14.Nf4 g6 15.f3 exf3 16.Qxf3 Bg7
17.Ra2 Bf5 18.Ne6 fxe6 19.e4 Nbd7 20.exf5 exf5 21.Ne2 Ne4 22.Nf4 Bd4+ 23.Kh2 Qf6
24.Ne6 Be5 25.Bf4 h4 26.gxh4 Qxh4 27.Bxe5 dxe5 28.Nc7 Nd6 29.Nxa8 Rxa8 30.Rg1 e4
31.Qg3 Qxg3+ 32.Kxg3 Kg7 33.Bf1 Kf6 34.h4 Rh8 35.Rh2 Rh6 36.Kf4 Ne5 37.Be2 Ndxc4
38.h5 Nb6 39.Rd1 g5+ 40.Ke3 Nbc4+ 41.Bxc4 Nxc4+ 42.Ke2 Nd6 43.a4 f4 44.b6 a6
45.Rc1 c4 46.Kd2 g4 47.Kc3 g3 48.Rh3 Kg5 49.Kd4 Kg4 50.Rhh1 g2 51.Rhg1 f3
52.Ke3 Rxh5 53.Kf2 Kf4 54.Rge1 Rxd5 55.Red1 e3+ 56.Kg1 Kg3  0-1

[Event "Forli op"]
[Site "Forli"]
[Date "1988.??.??"]
[Round "?"]
[White "Granda Zuniga, Julio E"]
[Black "Votruba, Pavel"]
[Result "1-0"]
[WhiteElo "2540"]
[BlackElo "2345"]

1.d4 d5 2.c4 e6 3.Nc3 Nf6 4.Nf3 dxc4 5.e3 a6 6.Bxc4 c5 7.O-O Nc6 8.a4 cxd4
9.exd4 Be7 10.Bg5 O-O 11.Re1 Bd7 12.Qd2 Rc8 13.d5 Nxd5 14.Nxd5 exd5 15.Bxd5 Bxg5
16.Nxg5 Bf5 17.Rad1 Qf6 18.Ne4 Bxe4 19.Rxe4 Rcd8 20.Qc1 Qg6 21.Qc4 Qh5 22.f3 h6
23.Ree1 Rc8 24.Qb3 Rc7 25.Qb6 Rfc8 26.b4 Qg5 27.b5 axb5 28.axb5 Ne5 29.Bxb7 Nc4
30.Qa6 Rb8 31.Rd5 Qf4 32.Bc6 Ne3 33.g3 Qc4 34.Rxe3 Qc1+ 35.Kf2 Qb2+ 36.Re2 Qf6
37.Qa3  1-0

[Event "Forli op"]
[Site "Forli"]
[Date "1988.??.??"]
[Round "?"]
[White "Granda Zuniga, Julio E"]
[Black "Meduna, Eduard"]
[Result "1/2-1/2"]
[WhiteElo "2540"]
[BlackElo "2505"]

1.d4 Nf6 2.c4 c6 3.Nc3 d5 4.Nf3 dxc4 5.a4 Bf5 6.Ne5 e6 7.f3 Bb4 8.Nxc4 c5
9.dxc5 Qxd1+ 10.Kxd1 O-O 11.e4 Bg6 12.Be3 Nfd7 13.Kc2 f5 14.exf5 Bxf5+ 15.Bd3 Bxc5
16.Rad1 Bxd3+ 17.Rxd3 Bxe3 18.Rxe3 Nc6 19.Ne4 Nb6 20.Nxb6 axb6 21.Nc3 Rfd8
22.Rd1 Kf7 23.Re4 Rxd1 24.Nxd1 Rd8 25.Nc3 Nd4+ 26.Kb1 Nc6 27.Ka2 Rd2 28.Re2 Rd3
29.Re1 Ke7 30.Rd1 Rxd1 31.Nxd1 Kd6 32.Kb3 Kc5 33.Kc3 b5 34.axb5 Kxb5 35.Nf2 Kc5
36.Nd3+ Kd5 37.Nf4+ Ke5 38.Nd3+ Kd5 39.Nf4+ Ke5 40.Nd3+  1/2-1/2

[Event "Forli op"]
[Site "Forli"]
[Date "1988.??.??"]
[Round "?"]
[White "Granda Zuniga, Julio E"]
[Black "Laco, Giuseppe"]
[Result "1-0"]
[WhiteElo "2540"]
[BlackElo "2235"]

1.d4 g6 2.e4 Bg7 3.Nc3 d6 4.f4 Nd7 5.Nf3 c6 6.e5 d5 7.Be3 e6 8.Bd3 b6 9.Ne2 Ne7
10.c3 Bb7 11.O-O Nf5 12.Bf2 Bf8 13.g4 Nh6 14.h3 c5 15.Ng3 c4 16.Bc2 b5 17.Qd2 Ng8
18.f5 gxf5 19.gxf5 Bh6 20.Be3 Bxe3+ 21.Qxe3 Qe7 22.Ng5 Nh6 23.Nxe6 fxe6 24.Qxh6 O-O-O
25.fxe6 Nxe5 26.Rae1 Nd3 27.Bxd3 cxd3 28.Rf7 Qd6 29.Nf5 Rhg8+ 30.Kh1 Qa6
31.Qf4 d2 32.Ne7+  1-0

[Event "Forli op"]
[Site "Forli"]
[Date "1988.??.??"]
[Round "?"]
[White "Topalov, Veselin"]
[Black "Granda Zuniga, Julio E"]
[Result "0-1"]
[WhiteElo "2300"]
[BlackElo "2540"]

1.d4 Nf6 2.Nf3 e6 3.c4 c5 4.d5 exd5 5.cxd5 d6 6.Nc3 g6 7.Nd2 Bg7 8.e4 O-O
9.Be2 Re8 10.O-O Na6 11.f4 Rb8 12.Bf3 Nb4 13.Be2 c4 14.Bxc4 Ng4 15.Qa4 Bd4+
16.Kh1 Nxh2 17.g3 Nxf1 18.Bxf1 Bc5 19.a3 Na6 20.Qc4 Qf6 21.e5 Qg7 22.Nf3 Bg4
23.Nh2 Bf5 24.g4 Bd7 25.Ne4 dxe5 26.Nxc5 Nxc5 27.Qxc5 exf4 28.Bxf4 Qxb2 29.Qc1 Qxc1
30.Rxc1 Rbc8 31.Rb1 b6 32.d6 f6 33.Bb5 Bxb5 34.Rxb5 g5 35.Bg3 Re3 36.Kg2 Rc2+
37.Kh3 Rxa3 38.Rf5 Rcc3 39.Nf1 Kf7 40.Rf2 Rf3 41.Kg2 Rxf2+ 42.Kxf2 Ke6 43.Ne3 Rd3
44.Nf5 a5 45.Ke2 Rd5 46.Ng7+ Kf7  0-1

[Event "Forli op"]
[Site "Forli"]
[Date "1988.??.??"]
[Round "?"]
[White "Granda Zuniga, Julio E"]
[Black "Forintos, Gyozo V"]
[Result "1/2-1/2"]
[WhiteElo "2540"]
[BlackElo "2345"]

1.d4 Nf6 2.Nf3 c5 3.d5 b5 4.c4 Ba6 5.cxb5 Bxb5 6.Nc3 Ba6 7.g3 d6 8.Bg2 g6
9.O-O Bg7 10.Qc2 O-O 11.Nd2 Ne8 12.Re1 Qa5 13.Nb3 Qc7 14.Bg5 h6 15.Be3 Nd7
16.f4 Rb8 17.Bf2 Qb6 18.Rab1 Nc7 19.Nd2 Qa5 20.e4 Nb5 21.Ne2 Rfc8  1/2-1/2

[Event "Forli op"]
[Site "Forli"]
[Date "1988.??.??"]
[Round "?"]
[White "Gonsior, Evzen"]
[Black "Granda Zuniga, Julio E"]
[Result "0-1"]
[WhiteElo "2305"]
[BlackElo "2540"]

1.d4 Nf6 2.Nf3 c5 3.e3 e6 4.Bd3 b6 5.Qe2 Bb7 6.Nbd2 Nc6 7.c3 d5 8.O-O Be7
9.dxc5 bxc5 10.e4 O-O 11.e5 Nd7 12.Re1 f6 13.exf6 Rxf6 14.Ng5 Nf8 15.f4 Bd6
16.Ndf3 Qc7 17.Ne5 c4 18.Bc2 Bc5+ 19.Be3 d4 20.Ne4 dxe3 21.Nxf6+ gxf6 22.Nxc4 Qxf4
23.b4 Ne5 24.bxc5 Ng4 25.g3 Qf2+ 26.Qxf2 exf2+  0-1

[Event "New York op"]
[Site "New York"]
[Date "1988.??.??"]
[Round "?"]
[White "Lobron, Eric"]
[Black "Granda Zuniga, Julio E"]
[Result "1/2-1/2"]
[WhiteElo "2490"]
[BlackElo "2540"]

1.Nf3 d5 2.c4 e6 3.g3 Nf6 4.Bg2 Be7 5.O-O O-O 6.b3 c5 7.Bb2 Nc6 8.e3 b6 9.Qe2 Ba6
10.d3 Qc7 11.Nc3 Rad8 12.Rac1 Qb8 13.Rfd1 Rd7 14.a3 Rfd8 15.cxd5 Nxd5 16.Nxd5 Rxd5
17.Ne1 R5d6 18.b4 Bf8 19.bxc5 bxc5 20.Rxc5 Rxd3 21.Rxd3 Bxc5 22.Rxd8+ Nxd8
23.Qc2 Qd6 24.Be4 h6 25.Nd3 Bb6 26.Nb4 Bb5 27.Qb3 Qc7 28.Nd3 Qc4 29.Qxc4 Bxc4
30.Ne5 Bb5 31.Bd3  1/2-1/2

[Event "New York op"]
[Site "New York"]
[Date "1988.??.??"]
[Round "?"]
[White "Ivanov, Igor V"]
[Black "Granda Zuniga, Julio E"]
[Result "1-0"]
[WhiteElo "2505"]
[BlackElo "2540"]

1.c4 Nf6 2.Nf3 e6 3.d4 b6 4.Nc3 Bb7 5.Bg5 Be7 6.e3 O-O 7.Bd3 d5 8.O-O Nbd7
9.Qe2 Ne4 10.Bf4 Bd6 11.Bxd6 Nxd6 12.cxd5 exd5 13.b4 c5 14.bxc5 bxc5 15.Rab1 cxd4
16.Nxd4 Nc5 17.Rfc1 Rc8 18.h3 g6 19.Qd1 Qa5 20.Nb3 Nxb3 21.Qxb3 Rc5 22.Ne2 Rfc8
23.Rxc5 Rxc5 24.Qb2 Rc6 25.Qe5 Rb6 26.Rxb6 Qxb6 27.Nf4 Qc6 28.Bc2 Ne8 29.Bd1 Nf6
30.Qb8+ Kg7 31.Qxa7 Ne4 32.Qd4+ Kh6 33.h4 f5 34.f3 Ng3 35.Nh3 Qc4 36.Qf6  1-0

[Event "New York op"]
[Site "New York"]
[Date "1988.??.??"]
[Round "?"]
[White "Granda Zuniga, Julio E"]
[Black "Wedberg, Tom"]
[Result "0-1"]
[WhiteElo "2540"]
[BlackElo "2475"]

1.d4 Nf6 2.c4 e6 3.Nf3 c5 4.d5 exd5 5.cxd5 d6 6.Nc3 g6 7.g3 Bg7 8.Bg2 O-O
9.O-O Re8 10.Nd2 a6 11.a4 Nbd7 12.a5 Qc7 13.Nc4 b5 14.axb6 Nxb6 15.Na5 Bd7
16.Qc2 Ng4 17.h3 Ne5 18.b3 c4 19.b4 Nd3 20.Bd2 Nxb4 21.Qb1 Bxc3 22.Bxc3 N4xd5
23.Bd4 Rxe2 24.Bxb6 Nxb6 25.Bxa8 Nxa8 26.Re1 Rxe1+ 27.Qxe1 Be6 28.Rb1 c3
29.Ra1 Nb6 30.Ra3 Nd5  0-1

[Event "New York op"]
[Site "New York"]
[Date "1988.??.??"]
[Round "?"]
[White "Granda Zuniga, Julio E"]
[Black "Lein, Anatoly"]
[Result "1-0"]
[WhiteElo "2540"]
[BlackElo "2475"]

1.d4 Nf6 2.c4 e6 3.Nf3 Bb4+ 4.Nbd2 d5 5.a3 Be7 6.g3 O-O 7.Bg2 Ne4 8.O-O f5
9.Ne5 Bf6 10.Ndf3 Nd7 11.Bf4 g5 12.Nxd7 Qxd7 13.Be5 g4 14.Nh4 Bxe5 15.dxe5 dxc4
16.Qc1 Qg7 17.f3 gxf3 18.exf3 Nc5 19.Qxc4 b6 20.b4 Ba6 21.Qa2 Bxf1 22.Rxf1 Qxe5
23.bxc5 bxc5 24.f4 Qe3+ 25.Kh1 Rab8 26.Nf3 Rb3 27.Ne5 Rfb8 28.Qc2 Rc3 29.Qd1 Qd4  1-0

[Event "New York op"]
[Site "New York"]
[Date "1988.??.??"]
[Round "?"]
[White "Granda Zuniga, Julio E"]
[Black "Djuric, Stefan"]
[Result "1-0"]
[WhiteElo "2540"]
[BlackElo "2475"]

1.d4 Nf6 2.c4 g6 3.Nc3 Bg7 4.e4 d6 5.Nf3 O-O 6.Be2 e5 7.O-O Qe7 8.Bg5 exd4
9.Nxd4 Qe5 10.Nf3 Qe8 11.Qc2 Na6 12.Rfe1 h6 13.Bd2 Nb4 14.Qb3 a5 15.Bf1 Nd7
16.Re3 Nc5 17.Qd1 Bg4 18.Nd5 Nxd5 19.exd5 Qd8 20.h3 Bf5 21.Bc3 Bxc3 22.Rxc3 Re8
23.Nd4 Bd7 24.Bd3 Qf6 25.Bc2 Re7 26.Rf3 Qg7 27.Re3 Rxe3 28.fxe3 Re8 29.Qf3 Qe5
30.Re1 f5 31.h4 h5 32.g3 Qf6 33.b3 Re7 34.Qf4 Kg7 35.Rf1 Re5 36.Nf3 Re8 37.Qd4 b5
38.cxb5 Bxb5 39.Re1 Nd7 40.a4 Ba6 41.Qa7 Ne5 42.Ng5 Ng4 43.Qxa6 Qc3 44.Re2 Rxe3
45.Kf1 Qa1+ 46.Kg2 Rxg3+ 47.Kxg3 Qg1+ 48.Kf4 Qc1+ 49.Kg3 Qg1+ 50.Kf4 Ne5
51.Qxa5 Qf1+ 52.Ke3 Qc1+ 53.Qd2 Qg1+ 54.Rf2 Ng4+ 55.Kf3 f4 56.Ne6+ Kg8 57.Nxf4 Ne5+
58.Ke4 Qg4 59.Kd4 Qxh4 60.Kc3  1-0

[Event "New York op"]
[Site "New York"]
[Date "1988.??.??"]
[Round "?"]
[White "Zapata, Alonso"]
[Black "Granda Zuniga, Julio E"]
[Result "1/2-1/2"]
[WhiteElo "2500"]
[BlackElo "2540"]

1.e4 e5 2.Nf3 Nc6 3.Bb5 a6 4.Ba4 Nf6 5.O-O Be7 6.Re1 b5 7.Bb3 d6 8.c3 O-O
9.h3 Bb7 10.d4 Re8 11.Nbd2 Bf8 12.a3 h6 13.Ba2 Nb8 14.d5 c6 15.c4 bxc4 16.dxc6 Bxc6
17.Bxc4 Nbd7 18.b4 Nb6 19.Bb3 Qd7 20.Bb2 Na4 21.Rc1 Nxb2 22.Qc2 Rec8 23.Qxb2 Qb7
24.Bc2 Nd7 25.Bb3 Nf6 26.Bc2 a5 27.Rb1 axb4 28.axb4 Bb5 29.Nb3 Qc6 30.Rec1 Qc3
31.Qxc3 Rxc3 32.Nfd2 Ra2 33.Bd1 Rxc1 34.Rxc1 d5 35.exd5 Bxb4 36.Rc8+ Bf8
37.Bf3 Rb2 38.d6 Bd7 39.Rb8 Be6 40.Bc6 g6 41.Ba4 Kg7 42.Rd8 h5 43.Kf1 h4
44.Ke1 Rc2 45.d7 Be7 46.Re8 Bxd7 47.Bxd7 Nxe8 48.Bxe8 f5 49.Ke2 Bb4 50.Bb5 Kf6
51.Bd3 Rb2 52.f3 Kg5 53.Ke3 Bc3 54.Bc4 Bd4+ 55.Kd3 Bb6 56.Nc1 Ba5 57.Ncb3 Bxd2
58.Nxd2 Kf4 59.Bf7 g5 60.Bd5 Rb8 61.Ke2 Kg3 62.Be6 Rf8 63.Nf1+ Kxg2 64.Ne3+ Kxh3
65.Kf2 g4 66.Bxf5 Rxf5 67.Nxf5 gxf3 68.Kxf3 e4+  1/2-1/2

[Event "Salamanca"]
[Site "Salamanca"]
[Date "1988.??.??"]
[Round "6"]
[White "Sion Castro, Marcelino"]
[Black "Granda Zuniga, Julio E"]
[Result "1/2-1/2"]
[WhiteElo "2330"]
[BlackElo "2540"]

1.e4 e6 2.d4 d5 3.Nc3 Bb4 4.e5 Ne7 5.a3 Bxc3+ 6.bxc3 c5 7.Qg4 Nbc6 8.Qxg7 Rg8
9.Qxh7 cxd4 10.f4 dxc3 11.Rb1 Qc7 12.Ne2 Bd7 13.Qd3 d4 14.Rg1 Nf5 15.g4 Nh4
16.Qh7 Nf3+ 17.Kf2 O-O-O 18.Kxf3 f6 19.exf6 Ne5+ 20.Kf2 Nxg4+ 21.Rxg4 Rxg4
22.Qe4  1/2-1/2

[Event "Salamanca"]
[Site "Salamanca"]
[Date "1988.??.??"]
[Round "8"]
[White "Andruet, Gilles"]
[Black "Granda Zuniga, Julio E"]
[Result "1/2-1/2"]
[WhiteElo "2430"]
[BlackElo "2540"]

1.d4 d5 2.c4 c6 3.Nc3 Nf6 4.e3 e6 5.Nf3 Bd6 6.Bd3 Nbd7 7.O-O O-O 8.e4 dxc4
9.Bxc4 e5 10.Bb3 Qc7 11.Bg5 exd4 12.Qxd4 Ng4 13.h3 h6 14.hxg4 hxg5 15.Nxg5 Bc5
16.Qd3 Qf4 17.Nf3 Ne5 18.Nxe5 Qxe5 19.Qh3 g6 20.Qh6 Be6 21.Bxe6 Qxe6 22.Rae1 Bd4
23.e5 Bxe5 24.Re3 Qf6 25.Ne4 Qg7 26.Qh4 Qh8 27.Qxh8+  1/2-1/2

[Event "Thessaloniki ol (Men)"]
[Site "Thessaloniki"]
[Date "1988.??.??"]
[Round "1"]
[White "Granda Zuniga, Julio E"]
[Black "Martineau, G."]
[Result "1-0"]
[WhiteElo "2535"]
[BlackElo "2205"]

1.e4 c5 2.Nf3 d6 3.d4 cxd4 4.Nxd4 Nf6 5.Nc3 a6 6.Be2 e5 7.Nb3 h6 8.Be3 Be6
9.O-O Be7 10.Nd5 Bxd5 11.exd5 Nbd7 12.c4 Rc8 13.Qe1 Qc7 14.Rc1 O-O 15.Bd3 e4
16.Bb1 Ne5 17.Bd4 Nd3 18.Bxd3 exd3 19.Qe3 Rfe8 20.Qxd3 Qd7 21.Nd2 b5 22.b3 Nh7
23.Ne4 f5 24.Ng3 bxc4 25.Qxf5 Qxf5 26.Nxf5 Bf8 27.Rxc4 Rxc4 28.bxc4 Re2 29.a4 g6
30.Ne3 Ng5 31.f3 Bg7 32.Ba7 Ra2 33.Rb1 Rxa4 34.Rb8+ Kf7 35.h4 Ra1+ 36.Nf1 Nh7
37.Rb7+ Kf8 38.Rxg7 Rxf1+ 39.Kxf1 Kxg7 40.Bb8 Kf7 41.Bxd6 Nf6 42.Ke2 Ke8
43.Kd3 Kd7 44.Bc5  1-0

[Event "Thessaloniki ol (Men)"]
[Site "Thessaloniki"]
[Date "1988.??.??"]
[Round "3"]
[White "Granda Zuniga, Julio E"]
[Black "Gheorghiu, Florin"]
[Result "1/2-1/2"]
[WhiteElo "2535"]
[BlackElo "2485"]

1.d4 Nf6 2.Nf3 d5 3.c4 dxc4 4.Nc3 Nd5 5.Ne5 Nb6 6.e4 Nc6 7.Nxc6 bxc6 8.Be3 g6
9.d5 cxd5 10.Bd4 e5 11.Bxb6 axb6 12.Qxd5 Qxd5 13.Nxd5 Bd6 14.Bxc4 Bb7  1/2-1/2

[Event "Thessaloniki ol (Men)"]
[Site "Thessaloniki"]
[Date "1988.??.??"]
[Round "8"]
[White "Wittmann, Walter"]
[Black "Granda Zuniga, Julio E"]
[Result "1/2-1/2"]
[WhiteElo "2400"]
[BlackElo "2535"]

1.e4 e5 2.Nf3 d6 3.d4 Nd7 4.Bc4 Be7 5.O-O c6 6.dxe5 dxe5 7.Ng5 Nh6 8.Ne6 fxe6
9.Bxh6 Bf6 10.Qh5+ Ke7 11.Be3 Qe8 12.Qh3 Nf8 13.Bc5+ Kf7 14.f4 exf4 15.Qh5+ Ng6
16.Rxf4 Bd7 17.e5 Kg8 18.exf6 Nxf4 19.Qg5 Ng6 20.Bd4 gxf6 21.Qxf6  1/2-1/2

[Event "Thessaloniki ol (Men)"]
[Site "Thessaloniki"]
[Date "1988.??.??"]
[Round "10"]
[White "Granda Zuniga, Julio E"]
[Black "Zapata, Alonso"]
[Result "0-1"]
[WhiteElo "2535"]
[BlackElo "2480"]

1.d4 Nf6 2.c4 g6 3.Nc3 Bg7 4.e4 O-O 5.Nf3 d6 6.Be2 e5 7.O-O Nc6 8.d5 Ne7
9.Ne1 c5 10.dxc6 bxc6 11.Nc2 Be6 12.Ne3 Ne8 13.b4 f5 14.b5 Nf6 15.bxc6 Nxc6
16.exf5 gxf5 17.Nb5 Nd4 18.Nxd4 exd4 19.Nc2 Ne4 20.Bd3 Nc3 21.Qf3 Rc8 22.Bb2 Qh4
23.Bxc3 dxc3 24.Rab1 Be5 25.g3 Qg4 26.Qe3 f4 27.Qe4 Bf5 28.Qd5+ Kh8 29.Rb7 Rc5
30.Bxf5 Qxf5 31.Qd1 Rxc4 32.Rxa7 f3 33.Ne3 Qh3 34.Rxh7+ Qxh7 35.Nxc4 c2 36.Qd5 Qh3  0-1

[Event "Gran Canaria op"]
[Site "Gran Canaria"]
[Date "1989.??.??"]
[Round "?"]
[White "Granda Zuniga, Julio E"]
[Black "Fraguela Gil, Jose Miguel"]
[Result "1-0"]
[WhiteElo "2500"]
[BlackElo "2280"]

1.d4 Nf6 2.c4 e6 3.Nf3 b6 4.g3 Ba6 5.b3 b5 6.Bg2 bxc4 7.Ne5 Bb4+ 8.Kf1 c6
9.Nxc4 O-O 10.Bb2 d5 11.Ne5 Nfd7 12.Nd3 Be7 13.Nc3 c5 14.Nxd5 exd5 15.Bxd5 Nb6
16.Bxa8 Nxa8 17.dxc5 Nc6 18.Rc1 Nc7 19.Kg2 Ne6 20.Ne5 Ned4 21.Bxd4 Nxd4 22.e3 Qd5+
23.f3 Qxe5 24.Qxd4 Qe6 25.Rhd1 h5 26.c6 h4 27.Qe4 Qxe4 28.fxe4 Bc8 29.c7 Ba3
30.Rc2 Re8 31.Rd8 Kf8 32.Rc4 a5 33.Rcd4 Be7 34.R4d5 Bb7 35.a3 Bxd5 36.Rxe8+  1-0

[Event "Las Palmas op"]
[Site "Las Palmas"]
[Date "1989.??.??"]
[Round "?"]
[White "Granda Zuniga, Julio E"]
[Black "Fernandez Garcia, Jose L"]
[Result "1/2-1/2"]
[WhiteElo "2500"]
[BlackElo "2440"]

1.Nf3 c5 2.c4 Nf6 3.Nc3 Nc6 4.d4 cxd4 5.Nxd4 g6 6.g3 Bg7 7.Bg2 O-O 8.O-O Ng4
9.e3 d6 10.b3 Nge5 11.h3 Nxd4 12.exd4 Nc6 13.Be3 Qa5  1/2-1/2

[Event "Las Palmas op"]
[Site "Las Palmas"]
[Date "1989.??.??"]
[Round "?"]
[White "Granda Zuniga, Julio E"]
[Black "Urday, Henry"]
[Result "1-0"]
[WhiteElo "2500"]
[BlackElo "2355"]

1.Nf3 Nf6 2.c4 e6 3.Nc3 Bb4 4.Qb3 c5 5.a3 Ba5 6.g3 Nc6 7.Bg2 O-O 8.O-O d5
9.d3 Bxc3 10.Qxc3 d4 11.Qc2 e5 12.Bd2 Re8 13.b4 e4 14.Ng5 e3 15.fxe3 dxe3
16.Bc3 Nd4 17.Qb2 Bg4 18.Bxd4 Qxd4 19.Qxd4 cxd4 20.Bxb7 Bxe2 21.Bxa8 Bxf1
22.Rxf1 Rxa8 23.Rf4 Re8 24.Nf3 e2 25.Ne1 Rd8 26.Kf2 Rd6 27.Kxe2 g5 28.Rf5 h6
29.Kf3 Kg7 30.Nc2 Kg6 31.Ra5 Nd7 32.Rxa7 Ne5+ 33.Ke2 f5 34.b5 Kh5 35.Ra6 Rd8
36.Re6 Nxc4 37.dxc4 d3+ 38.Kd2 dxc2+ 39.Kxc2 f4 40.b6 f3 41.Rf6 g4 42.a4 Kg5
43.Rf7 Ra8 44.c5 Rxa4 45.b7 Rb4 46.c6 Rb6 47.Kd3 Rb3+  1-0

[Event "Las Palmas op"]
[Site "Las Palmas"]
[Date "1989.??.??"]
[Round "?"]
[White "Granda Zuniga, Julio E"]
[Black "Kudrin, Sergey"]
[Result "1/2-1/2"]
[WhiteElo "2500"]
[BlackElo "2550"]

1.Nf3 c5 2.c4 b6 3.Nc3 Bb7 4.e3 Nf6 5.d4 cxd4 6.exd4 e6 7.Bg5 Be7 8.Bd3 O-O
9.O-O Bxf3 10.Qxf3 Nc6 11.Rad1 Re8 12.Bb1 h6 13.Bf4 Na5 14.b3 Bf8 15.Rfe1 d6
16.Qh3 Rc8 17.Re3 d5 18.Rg3 Kh8 19.Be5 Nc6 20.Rf3 dxc4 21.Bxf6 gxf6 22.d5 Ne5
23.dxe6 Nxf3+ 24.Qxf3 Qe7 25.Nd5 Qxe6 26.g3 cxb3 27.axb3 Rcd8 28.Kg2 Qe5
29.Rd3 f5 30.Re3 Qxd5 31.Qxd5 Rxd5 32.Rxe8 Kg7 33.Re3 Bc5 34.Rf3 a5 35.Bxf5 Rd2
36.Be4 f6 37.Bc6 Kf7 38.h4 Ke7 39.h5 Rb2 40.Bb5 Rd2 41.Bc6 Rb2 42.Bb5  1/2-1/2

[Event "Las Palmas op"]
[Site "Las Palmas"]
[Date "1989.??.??"]
[Round "?"]
[White "Miralles, Gilles"]
[Black "Granda Zuniga, Julio E"]
[Result "0-1"]
[WhiteElo "2400"]
[BlackElo "2500"]

1.d4 d5 2.c4 c6 3.Nf3 Nf6 4.Nc3 e6 5.e3 Nbd7 6.Qc2 Bd6 7.Be2 O-O 8.O-O dxc4
9.Bxc4 e5 10.h3 Qe7 11.a3 g6 12.Ba2 b6 13.dxe5 Nxe5 14.Nxe5 Bxe5 15.e4 Nh5
16.Ne2 Ba6 17.Rd1 Rfd8 18.Be3 Qf6 19.Rab1 g5 20.g3 Qf3 21.Nd4 Bxd4 22.Bxd4 Be2
23.Qc1 Nf4 24.gxf4 Qxh3 25.f5 Qg4+ 26.Kh2 Bf3 27.Bxf7+ Kf8 28.Bc5+ Kxf7 29.Qc4+ Rd5  0-1

[Event "Las Palmas op"]
[Site "Las Palmas"]
[Date "1989.??.??"]
[Round "?"]
[White "Granda Zuniga, Julio E"]
[Black "Brito, Alfredo"]
[Result "1-0"]
[WhiteElo "2500"]
[BlackElo "2360"]

1.Nf3 Nf6 2.d4 g6 3.c4 Bg7 4.Nc3 O-O 5.e4 d6 6.Be2 e5 7.Bg5 h6 8.Bh4 Qe8
9.dxe5 dxe5 10.O-O c6 11.Qd6 Qe6 12.Rad1 Qxd6 13.Rxd6 Nh5 14.Rfd1 Na6 15.Be7 Re8
16.Rd8 Bg4 17.Rxa8 Rxa8 18.h3 Be6 19.c5 Nf4 20.Bf1 f6 21.Kh2 g5 22.Nd2 Bf8
23.Bxf8 Kxf8 24.g3 Ng6 25.Bxa6 bxa6 26.Nf1 Rb8 27.b3 Ne7 28.Ne3 h5 29.g4 hxg4
30.hxg4 Kf7 31.Rd6 Rb4 32.Nf5 Bxf5 33.gxf5 Rd4 34.Kg3 Ng8 35.Rxd4 exd4 36.Ne2 d3
37.Nc3 Nh6 38.f4 gxf4+ 39.Kxf4 Kg7 40.Nd1 Nf7 41.Ke3 Kh6 42.Nf2 Kg5 43.Nxd3 a5
44.Ne1 Kg4 45.Nf3 a6 46.a3 Nd8 47.Nd4 Kg3 48.e5 fxe5 49.Nf3  1-0

[Event "EUCup Las Palmas-Moscow"]
[Site "Las Palmas"]
[Date "1989.??.??"]
[Round "?"]
[White "Lputian, Smbat G"]
[Black "Granda Zuniga, Julio E"]
[Result "1-0"]
[WhiteElo "2610"]
[BlackElo "2500"]

1.d4 Nf6 2.c4 e6 3.Nf3 d5 4.Nc3 Be7 5.Bg5 Nbd7 6.e3 h6 7.Bxf6 Nxf6 8.c5 O-O
9.Bd3 c6 10.b4 Bd7 11.O-O Be8 12.Qe2 Qc7 13.Rab1 Rd8 14.Rb3 Nd7 15.e4 dxe4
16.Nxe4 Nf6 17.Nxf6+ Bxf6 18.Qe4 g6 19.h4 Rd5 20.g3 b5 21.a4 Qd8 22.axb5 cxb5
23.Qe2 Bxd4 24.Be4 Bg7 25.Bxd5 Qxd5 26.Re3 Bc6 27.Rd1 Qf5 28.Rd6 Bxf3 29.Rxf3 Qb1+
30.Kg2 Qxb4 31.Qe3 a5 32.Rd7 Qc4 33.Rf4 Qa2 34.c6 e5 35.Rf3 Qe6 36.Qc5 e4
37.Rf4 b4 38.Re7 Bd4 39.Rxe6 Bxc5 40.Rxg6+ Kh7 41.Rgf6 Rc8 42.Rxf7+ Kg8 43.Rb7 Rxc6
44.Rxe4  1-0